Statistics for Первые страны, празднующие Новый год

Click here to take the quiz!

General Stats

  • This quiz has been taken 44 times
  • The average score is 12 of 20

Answer Stats

ПоясСтрана% Correct
+5:00Япония
95%
+2:00Россия
95%
+3:30Австралия
78%
+1:15Новая Зеландия
70%
+2:00Фиджи
68%
+5:00Индонезия
65%
+5:00Северная Корея
65%
+5:00Южная Корея
65%
+2:00Тувалу
59%
+3:00Папуа-Новая Гвинея
59%
Первая странаКирибати
57%
+1:00Самоа
57%
+2:00Науру
51%
+3:00Федеративные Штаты Микронезии
49%
+5:00Палау
49%
+1:00Тонга
43%
+3:00Соломоновы Острова
41%
+3:00Вануату
41%
+2:00Маршалловы Острова
38%
+5:00Восточный Тимор
35%

Score Distribution

Percentile by Number Answered

Percent of People with Each Score

Your Score History

You have not taken this quiz